00891njm a22002417a 450000500170000000700150001700800410003202800260007303500130009904000120011210000180012424500920014224600440023426000370027830000930031550000170040850000370042550501070046260000180056965000290058770000170061670000160063320100922131319.0sd ammalaaahaa100913t xxu||||| |||| 00| 0 hin d a2394 861bMusic India aGR-03944 aSED/VEN aUdhas, Pankaj aMaikada (Ghazals) /cby Pankaj Udhas, Ghulam Ali [and] Anup Jalotah[sound recording] : aमैकदा (ग़ज़ल्स) aDum Dum IndiabMusic Indiacn.d. a1 sound disc [Gramophone record] :banalog, 33 1/3 rpmc12.5 in. (LP)fGramophone Record aBrief Record aRecord label :Music India, White aSide-1 Sabko maloom hai main sharabi nahin (Pankaj Udhas) -- Side-2 Khuda ka shukra hai (Pankaj Udhas) aUdhas, Pankaj aGhazalsxExcerptszIndia aJalota, Anup aAli, Ghulam